<?xml version="1.0" encoding="UTF-8"?>
<record
    xmlns:xsi="http://www.w3.org/2001/XMLSchema-instance"
    xsi:schemaLocation="http://www.loc.gov/MARC21/slim http://www.loc.gov/standards/marcxml/schema/MARC21slim.xsd"
    xmlns="http://www.loc.gov/MARC21/slim">

  <leader>01210    a2200253   4500</leader>
  <controlfield tag="005">20081106143554.0</controlfield>
  <controlfield tag="008">081106t        xxu||||| |||| 00| 0 ur d</controlfield>
  <datafield tag="010" ind1=" " ind2=" ">
    <subfield code="a">UR-7422</subfield>
  </datafield>
  <datafield tag="020" ind1=" " ind2=" ">
    <subfield code="a">812301404-x</subfield>
    <subfield code="c">55.00</subfield>
  </datafield>
  <datafield tag="035" ind1=" " ind2=" ">
    <subfield code="a">U-5977</subfield>
  </datafield>
  <datafield tag="037" ind1=" " ind2=" ">
    <subfield code="b">D.B.Act / Pub</subfield>
  </datafield>
  <datafield tag="082" ind1=" " ind2=" ">
    <subfield code="a">301.153</subfield>
  </datafield>
  <datafield tag="100" ind1=" " ind2=" ">
    <subfield code="a"> &#x63A;&#x644;&#x627;&#x645; &#x627;&#x644;&#x633;&#x64A;&#x62F; &#x64A;&#x646;</subfield>
  </datafield>
  <datafield tag="245" ind1=" " ind2=" ">
    <subfield code="a">&#x6AF;&#x627; &#x646;&#x62F;&#x6BE;&#x6CC; &#x6A9;&#x6CC; &#x645;&#x639;&#x646;&#x648; &#x64A;&#x62A;</subfield>
    <subfield code="b">&#x627;&#x64A;&#x6A9; &#x634;&#x62E;&#x635; &#x627;&#x648;&#x631; &#x645;&#x641;&#x6A9;&#x631;&#x6A9;&#x6CC; &#x62D;&#x64A;&#x62B;&#x64A;&#x62A; &#x633;&#x6D2;</subfield>
    <subfield code="c">&#x62E;&#x648;&#x627;&#x62C;&#x6C1; &#x63A;&#x644;&#x627;&#x645;  &#x627;&#x644;&#x633;&#x64A;&#x62F; &#x64A;&#x646;:&#x645;&#x62A;&#x631;&#x62C;&#x645; &#x646;&#x62C;&#x645; &#x627;&#x644;&#x633;&#x62D;&#x631;&#x62B;&#x627;&#x642;&#x628;</subfield>
  </datafield>
  <datafield tag="246" ind1=" " ind2=" ">
    <subfield code="a">Significance of Gandhi:AS A Man and Thinker</subfield>
    <subfield code="b">by Khuaja Ghulam Alsyedeen:Trans by Najam Ul-Sehar</subfield>
  </datafield>
  <datafield tag="260" ind1=" " ind2=" ">
    <subfield code="a">&#x646;&#x626; &#x62F;&#x6BE;&#x644;&#x6CC;</subfield>
    <subfield code="b">&#x67E;&#x628;&#x644;&#x64A;&#x6A9;&#x64A;&#x634;&#x646;&#x632; &#x688;&#x648; &#x64A;&#x698;&#x646;</subfield>
    <subfield code="c">2006</subfield>
  </datafield>
  <datafield tag="270" ind1=" " ind2=" ">
    <subfield code="a">&#x648;&#x632;&#x627;&#x631;&#x62A;   &#x627;&#x637;&#x644;&#x627; &#x639;&#x627; &#x62A; &#x648; &#x646;&#x634;&#x631;&#x64A;&#x627;&#x62A;&#x60C;&#x62D;&#x6A9;&#x648; &#x645;&#x62A; &#x6C1;&#x646;&#x62F; &#x60C;&#x633;&#x648; &#x686;&#x646;&#x627; &#x628;&#x6BE;&#x648;&#x646; &#x60C;&#x633;&#x6CC; &#x62C;&#x6CC; &#x627;&#x648; &#x6A9;&#x645;&#x67E;&#x644;&#x64A;&#x6A9;&#x633;&#x60C;</subfield>
    <subfield code="b">&#x646;&#x626; &#x62F;&#x6BE;&#x644;&#x6CC;</subfield>
    <subfield code="e">110003</subfield>
  </datafield>
  <datafield tag="300" ind1=" " ind2=" ">
    <subfield code="a">85p</subfield>
    <subfield code="c">22cm (Pbk)</subfield>
  </datafield>
  <datafield tag="650" ind1=" " ind2=" ">
    <subfield code="a">Lectures</subfield>
  </datafield>
  <datafield tag="650" ind1=" " ind2=" ">
    <subfield code="a">&#x644;&#x6A9;&#x686;&#x631;</subfield>
  </datafield>
  <datafield tag="700" ind1=" " ind2=" ">
    <subfield code="a">&#x645;&#x62A;&#x631; &#x62C;&#x645; &#x646;&#x62C;&#x645; &#x627;&#x644;&#x633;&#x62D;&#x631; &#x62B;&#x627;&#x642;&#x628;</subfield>
  </datafield>
  <datafield tag="942" ind1=" " ind2=" ">
    <subfield code="a">dpl</subfield>
    <subfield code="c">UR</subfield>
    <subfield code="2">ddc</subfield>
    <subfield code="h">301.153</subfield>
    <subfield code="m">&#x6AF; &#x627; &#x646;</subfield>
  </datafield>
  <datafield tag="999" ind1=" " ind2=" ">
    <subfield code="c">7146</subfield>
    <subfield code="d">7146</subfield>
  </datafield>
  <datafield tag="952" ind1=" " ind2=" ">
    <subfield code="0">0</subfield>
    <subfield code="1">0</subfield>
    <subfield code="2">ddc</subfield>
    <subfield code="4">0</subfield>
    <subfield code="7">1</subfield>
    <subfield code="8">NFIC</subfield>
    <subfield code="a">DBAD</subfield>
    <subfield code="b">DBAD</subfield>
    <subfield code="d">2008-11-06</subfield>
    <subfield code="g">55.00</subfield>
    <subfield code="l">0</subfield>
    <subfield code="o">301.153 &#x6AF; &#x627; &#x646;</subfield>
    <subfield code="p">U-5977</subfield>
    <subfield code="r">2008-09-15 00:00:00</subfield>
    <subfield code="t">1</subfield>
    <subfield code="u">7908</subfield>
    <subfield code="v">55.00</subfield>
    <subfield code="w">2008-09-15</subfield>
    <subfield code="y">UR</subfield>
  </datafield>
</record>
